| 000 | 01077cam a2200289 i 4500 | ||
|---|---|---|---|
| 001 | 1827033 | ||
| 003 | EG-ScBUE | ||
| 005 | 20240704113249.0 | ||
| 008 | 800911s1950 nyuof f b 001 0beng d | ||
| 020 | _a0313226369 (lib. bdg.) | ||
| 040 |
_aDLC _beng _erda _cDLC _dDLC _dEG-ScBUE |
||
| 043 | _an-us--- | ||
| 082 | 0 | 4 |
_a973.550 _bBEM _222 |
| 100 | 1 |
_aBemis, Samuel Flagg, _d1891-1973, _eauthor. _99791 |
|
| 245 | 1 | 0 |
_aJohn Quincy Adams and the foundations of American foreign policy / _cby Samuel Flagg Bemis. |
| 264 | 1 |
_aNew York : _bAlfred A. Knopf, _c1950. |
|
| 300 |
_axix, 588, xv pages, [14] leaves of plates (one folded) : _bphotographs ; _c24 cm |
||
| 336 |
_2rdacontent _atext _btxt |
||
| 337 |
_aunmediated _2rdamedia _bn |
||
| 338 |
_avolume _bnc _2rdacarrier |
||
| 504 | _aIncludes bibliographical references and index. | ||
| 600 | 1 | 7 |
_aAdams, John Quincy, _d1767-1848. _2BUEsh _99792 |
| 650 | 7 |
_aPresidents _zUnited States _xBiography. _2BUEsh _99793 |
|
| 651 | 7 |
_aUnited States _xForeign relations _y1783-1865. _2BUEsh _99794 |
|
| 655 | _vReading book | ||
| 942 |
_2ddc _cBB |
||
| 999 |
_c13011 _d13011 |
||